[Event "FIDE World Cup 2025"]
[Site "Goa, India"]
[Date "2025.11.02"]
[Round "2.19"]
[White "Tari, Aryan"]
[Black "Manon, Reja Neer"]
[Result "1-0"]
[TimeControl ": 90 minutes for the first 40 moves, followed by 30 minutes for the rest of the gamewith an increment of 30 seconds per move starting from move 1"]
[WhiteFideId "1510045"]
[BlackFideId "10224009"]
[WhiteElo "2631"]
[BlackElo "2369"]

1. e4 {[%clk 01:30:57]} c5 {[%clk 01:30:49]} {[%emt 00:00:13]} 2. Nf3 {[%clk
01:31:19]} {[%emt 00:00:07]} e6 {[%clk 01:31:11]} {[%emt 00:00:08]} 3. d3
{[%clk 01:31:35]} {[%emt 00:00:15]} d5 {[%clk 01:26:40]} {[%emt 00:05:02]} 4.
Qe2 {[%clk 01:31:53]} {[%emt 00:00:11]} Nf6 {[%clk 01:25:39]} {[%emt 00:01:31]}
5. g3 {[%clk 01:31:43]} {[%emt 00:00:39]} Be7 {[%clk 01:25:33]} {[%emt
00:00:37]} 6. c4 {[%clk 01:27:27]} {[%emt 00:04:47]} O-O {[%clk 01:16:07]}
{[%emt 00:09:55]} 7. e5 {[%clk 01:25:35]} {[%emt 00:02:26]} Nfd7 {[%clk
01:14:51]} {[%emt 00:01:42]} 8. Bg2 {[%clk 01:24:57]} {[%emt 00:01:08]} Nc6
{[%clk 01:13:39]} {[%emt 00:01:42]} 9. O-O {[%clk 01:24:30]} {[%emt 00:00:56]}
Re8 {[%clk 01:00:51]} {[%emt 00:13:19]} 10. h4 {[%clk 01:19:43]} {[%emt
00:05:17]} f6 {[%clk 00:54:02]} {[%emt 00:07:19]} 11. exf6 {[%clk 01:14:02]}
{[%emt 00:06:11]} Bxf6 {[%clk 00:53:56]} {[%emt 00:00:36]} 12. Re1 {[%clk
01:04:45]} {[%emt 00:09:45]} dxc4 {[%clk 00:49:24]} {[%emt 00:05:04]} 13. dxc4
{[%clk 01:04:39]} {[%emt 00:00:36]} Nd4 {[%clk 00:48:39]} {[%emt 00:01:15]} 14.
Nxd4 {[%clk 00:56:18]} {[%emt 00:08:52]} Bxd4 {[%clk 00:44:38]} {[%emt
00:04:30]} 15. Be3 {[%clk 00:44:42]} {[%emt 00:12:06]} Nf6 {[%clk 00:43:14]}
{[%emt 00:01:55]} 16. Bxd4 {[%clk 00:40:44]} {[%emt 00:04:27]} cxd4 {[%clk
00:42:19]} {[%emt 00:01:25]} 17. Nd2 {[%clk 00:40:36]} {[%emt 00:00:37]} e5
{[%clk 00:41:13]} {[%emt 00:01:37]} 18. Ne4 {[%clk 00:39:56]} {[%emt 00:01:10]}
Bf5 {[%clk 00:28:59]} {[%emt 00:12:45]} 19. Nxf6+ {[%clk 00:35:24]} {[%emt
00:05:02]} Qxf6 {[%clk 00:28:28]} {[%emt 00:01:00]} 20. Bxb7 {[%clk 00:35:41]}
{[%emt 00:00:13]} Rab8 {[%clk 00:28:50]} {[%emt 00:00:08]} 21. Bd5+ {[%clk
00:34:44]} {[%emt 00:01:27]} Kh8 {[%clk 00:28:32]} {[%emt 00:00:47]} 22. Be4
{[%clk 00:31:26]} {[%emt 00:03:49]} Rf8 {[%clk 00:24:15]} {[%emt 00:04:47]} 23.
Bxf5 {[%clk 00:30:38]} {[%emt 00:01:18]} Qxf5 {[%clk 00:24:40]} {[%emt
00:00:06]} 24. Rad1 {[%clk 00:30:55]} {[%emt 00:00:12]} g5 {[%clk 00:15:43]}
{[%emt 00:09:28]} 25. hxg5 {[%clk 00:28:21]} {[%emt 00:03:03]} Qxg5 {[%clk
00:13:55]} {[%emt 00:02:18]} 26. b3 {[%clk 00:25:39]} {[%emt 00:03:13]} Rf5
{[%clk 00:13:45]} {[%emt 00:00:39]} 27. Qe4 {[%clk 00:24:36]} {[%emt 00:01:33]}
Rg8 {[%clk 00:05:44]} {[%emt 00:08:31]} 28. Re2 {[%clk 00:23:06]} {[%emt
00:01:59]} h5 {[%clk 00:05:16]} {[%emt 00:00:59]} 29. Kg2 {[%clk 00:22:22]}
{[%emt 00:01:14]} Qf6 {[%clk 00:03:56]} {[%emt 00:01:50]} 30. Rh1 {[%clk
00:21:39]} {[%emt 00:01:12]} Rf8 {[%clk 00:03:57]} {[%emt 00:00:30]} 31. Kg1
{[%clk 00:20:22]} {[%emt 00:01:47]} Kg8 {[%clk 00:03:12]} {[%emt 00:01:15]} 32.
Rh2 {[%clk 00:20:14]} {[%emt 00:00:37]} Rd8 {[%clk 00:03:02]} {[%emt 00:00:41]}
33. Rd2 {[%clk 00:16:27]} {[%emt 00:04:18]} Qg5 {[%clk 00:03:16]} {[%emt
00:00:16]} 34. c5 {[%clk 00:15:03]} {[%emt 00:01:54]} Rf4 {[%clk 00:00:39]}
{[%emt 00:03:07]} 35. Rxh5 {[%clk 00:05:53]} {[%emt 00:09:39]} Qxg3+ {[%clk
00:00:59]} {[%emt 00:00:10]} 36. Qg2 {[%clk 00:03:47]} {[%emt 00:02:35]} Qxg2+
{[%clk 00:01:21]} {[%emt 00:00:09]} 37. Kxg2 {[%clk 00:04:16]} {[%emt
00:00:01]} Rd5 {[%clk 00:01:51]} 38. Re2 {[%clk 00:03:15]} {[%emt 00:01:31]}
Rxc5 {[%clk 00:00:43]} {[%emt 00:01:38]} 39. Rhxe5 {[%clk 00:02:40]} {[%emt
00:01:04]} Rc3 {[%clk 00:00:37]} {[%emt 00:00:37]} 40. Rd2 {[%clk 00:00:34]}
{[%emt 00:02:36]} Rg4+ {[%clk 00:00:32]} {[%emt 00:00:35]} 41. Kf1 {[%clk
00:00:58]} {[%emt 00:00:05]} d3 {[%clk 00:24:14]} {[%emt 00:06:47]} 42. f3
{[%clk 00:29:58]} {[%emt 00:01:30]} Rd4 {[%clk 00:22:39]} {[%emt 00:02:05]} 43.
Kf2 {[%clk 00:29:13]} {[%emt 00:01:16]} Rd7 {[%clk 00:17:52]} {[%emt 00:05:17]}
44. Ke3 {[%clk 00:28:18]} {[%emt 00:01:25]} Kf7 {[%clk 00:17:53]} {[%emt
00:00:29]} 45. Re4 {[%clk 00:26:56]} {[%emt 00:01:52]} a5 {[%clk 00:17:07]}
{[%emt 00:01:15]} 46. Rd4 {[%clk 00:26:39]} {[%emt 00:00:48]} Re7+ {[%clk
00:17:26]} {[%emt 00:00:11]} 47. Kf2 {[%clk 00:24:44]} {[%emt 00:02:24]} Rec7
{[%clk 00:17:47]} {[%emt 00:00:10]} 48. Ke3 {[%clk 00:24:16]} {[%emt 00:00:58]}
Re7+ {[%clk 00:18:02]} {[%emt 00:00:15]} 49. Kf4 {[%clk 00:24:40]} {[%emt
00:00:06]} Re2 {[%clk 00:17:51]} {[%emt 00:00:41]} 50. R4xd3 {[%clk 00:24:10]}
{[%emt 00:01:01]} Rxd2 {[%clk 00:18:11]} {[%emt 00:00:10]} 51. Rxd2 {[%clk
00:24:33]} {[%emt 00:00:07]} a4 {[%clk 00:18:38]} {[%emt 00:00:03]} 52. Rd7+
{[%clk 00:21:11]} {[%emt 00:03:51]} Ke6 {[%clk 00:17:42]} {[%emt 00:01:26]} 53.
Rb7 {[%clk 00:21:30]} {[%emt 00:00:11]} Rc2 {[%clk 00:17:43]} {[%emt 00:00:29]}
54. Ra7 {[%clk 00:20:39]} {[%emt 00:01:20]} axb3 {[%clk 00:17:14]} {[%emt
00:01:00]} 55. axb3 {[%clk 00:21:02]} {[%emt 00:00:06]} Rc6 {[%clk 00:17:40]}
{[%emt 00:00:05]} 56. Rb7 {[%clk 00:21:05]} {[%emt 00:00:27]} Kf6 {[%clk
00:17:00]} {[%emt 00:01:10]} 57. Kg4 {[%clk 00:20:34]} {[%emt 00:01:01]} Kg6
{[%clk 00:17:20]} {[%emt 00:00:10]} 58. b4 {[%clk 00:20:55]} {[%emt 00:00:10]}
Kf6 {[%clk 00:17:36]} {[%emt 00:00:13]} 59. b5 {[%clk 00:20:46]} {[%emt
00:00:39]} Rc4+ {[%clk 00:18:00]} {[%emt 00:00:04]} 60. f4 {[%clk 00:21:14]}
{[%emt 00:00:04]} Rc5 {[%clk 00:18:24]} {[%emt 00:00:06]} 61. Rb6+ {[%clk
00:20:55]} {[%emt 00:00:49]} Kf7 {[%clk 00:18:49]} {[%emt 00:00:05]} 62. f5
{[%clk 00:21:11]} {[%emt 00:00:14]} Rc1 {[%clk 00:19:13]} {[%emt 00:00:06]} 63.
Rc6 {[%clk 00:21:29]} {[%emt 00:00:12]} Rb1 {[%clk 00:19:20]} {[%emt 00:00:23]}
64. b6 {[%clk 00:21:26]} {[%emt 00:00:33]} Ke7 {[%clk 00:19:41]} {[%emt
00:00:08]} 65. Rh6 {[%clk 00:18:41]} {[%emt 00:03:15]} Kf7 {[%clk 00:19:55]}
{[%emt 00:00:17]} 66. Kf4 {[%clk 00:18:20]} {[%emt 00:00:51]} Rb4+ {[%clk
00:19:57]} {[%emt 00:00:28]} 67. Ke5 {[%clk 00:18:44]} {[%emt 00:00:05]} Rb5+
{[%clk 00:20:24]} {[%emt 00:00:04]} 68. Ke4 {[%clk 00:19:08]} {[%emt 00:00:06]}
Kg7 {[%clk 00:20:43]} {[%emt 00:00:11]} 69. Rc6 {[%clk 00:19:11]} {[%emt
00:00:27]} Kf7 {[%clk 00:21:08]} {[%emt 00:00:05]} 70. Kd4 {[%clk 00:17:21]}
{[%emt 00:02:20]} Rxf5 {[%clk 00:21:30]} {[%emt 00:00:08]} 71. Kc4 {[%clk
00:17:48]} {[%emt 00:00:03]} Rf1 {[%clk 00:21:48]} {[%emt 00:00:12]} 72. Kb5
{[%clk 00:17:02]} {[%emt 00:01:15]} Ke7 {[%clk 00:22:05]} {[%emt 00:00:14]} 73.
b7 {[%clk 00:17:20]} {[%emt 00:00:13]} Rb1+ {[%clk 00:21:40]} {[%emt 00:00:54]}
74. Ka6 {[%clk 00:17:46]} {[%emt 00:00:04]} Ra1+ {[%clk 00:21:53]} {[%emt
00:00:17]} 75. Kb6 {[%clk 00:18:09]} {[%emt 00:00:06]} Kd7 {[%clk 00:22:07]}
{[%emt 00:00:17]} 76. Rc7+ {[%clk 00:18:28]} {[%emt 00:00:11]} Kd6 {[%clk
00:22:35]} {[%emt 00:00:03]} 77. b8=Q {[%clk 00:18:01]} {[%emt 00:00:57]} 1-0

[Event "FIDE World Cup 2025"]
[Site "Goa, India"]
[Date "2025.11.02"]
[Round "2.20"]
[White "Akhmedinov, Satbek"]
[Black "Pranesh, M"]
[Result "1/2-1/2"]
[TimeControl ": 90 minutes for the first 40 moves, followed by 30 minutes for the rest of the gamewith an increment of 30 seconds per move starting from move 1"]
[WhiteFideId "13714287"]
[BlackFideId "35028600"]
[WhiteElo "2372"]
[BlackElo "2630"]

1. e4 {[%clk 01:30:57]} {[%emt 00:00:01]} e5 {[%clk 01:30:56]} {[%emt
00:00:05]} 2. Nf3 {[%clk 01:31:24]} {[%emt 00:00:04]} Nc6 {[%clk 01:31:22]}
{[%emt 00:00:04]} 3. d4 {[%clk 01:31:50]} {[%emt 00:00:04]} exd4 {[%clk
01:31:47]} {[%emt 00:00:05]} 4. Nxd4 {[%clk 01:32:17]} {[%emt 00:00:03]} Nf6
{[%clk 01:32:11]} {[%emt 00:00:06]} 5. Nxc6 {[%clk 01:32:37]} {[%emt 00:00:10]}
bxc6 {[%clk 01:32:36]} {[%emt 00:00:05]} 6. Bd3 {[%clk 01:32:29]} {[%emt
00:00:38]} d5 {[%clk 01:32:06]} {[%emt 00:01:01]} 7. exd5 {[%clk 01:32:51]}
{[%emt 00:00:08]} cxd5 {[%clk 01:32:20]} {[%emt 00:00:16]} 8. O-O {[%clk
01:33:15]} {[%emt 00:00:05]} Be7 {[%clk 01:32:27]} {[%emt 00:00:23]} 9. c4
{[%clk 01:33:40]} {[%emt 00:00:05]} O-O {[%clk 01:30:41]} {[%emt 00:02:17]} 10.
cxd5 {[%clk 01:32:52]} {[%emt 00:01:18]} Bb7 {[%clk 01:25:38]} {[%emt
00:05:34]} 11. Nc3 {[%clk 01:25:00]} {[%emt 00:08:22]} Nxd5 {[%clk 01:25:08]}
{[%emt 00:01:00]} 12. Bd2 {[%clk 01:23:56]} {[%emt 00:01:34]} Qd7 {[%clk
01:17:31]} {[%emt 00:08:06]} 13. Re1 {[%clk 01:15:00]} {[%emt 00:09:26]} Rad8
{[%clk 01:14:51]} {[%emt 00:03:11]} 14. Qf3 {[%clk 01:12:11]} {[%emt 00:03:19]}
Nxc3 {[%clk 01:09:02]} {[%emt 00:06:20]} 15. Qxb7 {[%clk 01:11:26]} {[%emt
00:01:14]} Na4 {[%clk 01:03:41]} {[%emt 00:05:51]} 16. Ba5 {[%clk 01:04:05]}
{[%emt 00:07:51]} Nc5 {[%clk 00:48:11]} {[%emt 00:16:00]} 17. Qxc7 {[%clk
01:03:57]} {[%emt 00:00:38]} Qxc7 {[%clk 00:47:01]} {[%emt 00:01:40]} 18. Bxc7
{[%clk 01:04:21]} {[%emt 00:00:05]} Rd7 {[%clk 00:46:50]} {[%emt 00:00:42]} 19.
Rxe7 {[%clk 01:04:22]} {[%emt 00:00:29]} Rxe7 {[%clk 00:47:12]} {[%emt
00:00:07]} 20. Bd6 {[%clk 01:04:48]} {[%emt 00:00:04]} Nxd3 {[%clk 00:47:15]}
{[%emt 00:00:27]} 21. Bxe7 {[%clk 01:05:13]} {[%emt 00:00:06]} Rc8 {[%clk
00:46:45]} {[%emt 00:01:00]} 22. b4 {[%clk 00:53:43]} {[%emt 00:12:00]} f6
{[%clk 00:41:02]} {[%emt 00:06:13]} 23. Kf1 {[%clk 00:35:10]} {[%emt 00:19:02]}
Kf7 {[%clk 00:36:53]} {[%emt 00:04:40]} 24. Bd6 {[%clk 00:27:39]} {[%emt
00:08:00]} Rc6 {[%clk 00:34:11]} {[%emt 00:03:13]} 25. Bc5 {[%clk 00:27:55]}
{[%emt 00:00:14]} a5 {[%clk 00:32:30]} {[%emt 00:02:10]} 26. a3 {[%clk
00:27:29]} {[%emt 00:00:57]} Nxc5 {[%clk 00:32:11]} {[%emt 00:00:49]} 27. Rc1
{[%clk 00:27:52]} {[%emt 00:00:06]} axb4 {[%clk 00:31:26]} {[%emt 00:01:15]} 28.
axb4 {[%clk 00:28:18]} {[%emt 00:00:05]} Ke6 {[%clk 00:31:48]} {[%emt
00:00:08]} 29. bxc5 {[%clk 00:28:39]} {[%emt 00:00:10]} g6 {[%clk 00:29:32]}
{[%emt 00:02:46]} 30. Ke2 {[%clk 00:25:22]} {[%emt 00:03:47]} Kd5 {[%clk
00:29:41]} {[%emt 00:00:21]} 31. Ra1 {[%clk 00:24:42]} {[%emt 00:01:10]} Rxc5
{[%clk 00:29:26]} {[%emt 00:00:45]} 32. Ra7 {[%clk 00:25:07]} {[%emt 00:00:05]}
h5 {[%clk 00:29:42]} {[%emt 00:00:14]} 33. Rg7 {[%clk 00:19:44]} {[%emt
00:05:52]} g5 {[%clk 00:27:49]} {[%emt 00:02:23]} 34. h4 {[%clk 00:20:09]}
{[%emt 00:00:05]} gxh4 {[%clk 00:27:10]} {[%emt 00:01:10]} 35. Re7 {[%clk
00:20:26]} {[%emt 00:00:12]} Kd4 {[%clk 00:23:41]} {[%emt 00:04:00]} 36. Ra7
{[%clk 00:20:50]} {[%emt 00:00:05]} 1/2-1/2

[Event "FIDE World Cup 2025"]
[Site "Goa, India"]
[Date "2025.11.02"]
[Round "2.22"]
[White "Orozbaev, Eldiyar"]
[Black "Ivic, Velimir"]
[Result "0-1"]
[TimeControl ": 90 minutes for the first 40 moves, followed by 30 minutes for the rest of the gamewith an increment of 30 seconds per move starting from move 1"]
[WhiteFideId "13802240"]
[BlackFideId "950122"]
[WhiteElo "2375"]
[BlackElo "2628"]

1. e4 {[%clk 01:30:55]} {[%emt 00:00:04]} c5 {[%clk 01:30:52]} {[%emt
00:00:08]} 2. Nf3 {[%clk 01:31:16]} {[%emt 00:00:09]} Nc6 {[%clk 01:31:07]}
{[%emt 00:00:15]} 3. d4 {[%clk 01:28:10]} {[%emt 00:03:36]} cxd4 {[%clk
01:31:28]} {[%emt 00:00:09]} 4. Nxd4 {[%clk 01:28:36]} {[%emt 00:00:04]} Nf6
{[%clk 01:31:39]} {[%emt 00:00:18]} 5. Nc3 {[%clk 01:29:02]} {[%emt 00:00:05]}
e5 {[%clk 01:32:04]} {[%emt 00:00:05]} 6. Ndb5 {[%clk 01:29:28]} {[%emt
00:00:05]} d6 {[%clk 01:32:28]} {[%emt 00:00:05]} 7. Nd5 {[%clk 01:29:46]}
{[%emt 00:00:13]} Nxd5 {[%clk 01:32:51]} {[%emt 00:00:07]} 8. exd5 {[%clk
01:30:12]} {[%emt 00:00:04]} Nb8 {[%clk 01:33:15]} {[%emt 00:00:06]} 9. Qd3
{[%clk 01:26:06]} {[%emt 00:04:35]} a6 {[%clk 01:26:49]} {[%emt 00:06:56]} 10.
Qa3 {[%clk 01:26:31]} {[%emt 00:00:05]} Be7 {[%clk 01:26:46]} {[%emt 00:00:34]}
11. Bd2 {[%clk 01:01:34]} {[%emt 00:25:28]} O-O {[%clk 01:23:41]} {[%emt
00:03:34]} 12. c4 {[%clk 01:00:28]} {[%emt 00:01:36]} b6 {[%clk 01:05:14]}
{[%emt 00:18:57]} 13. Nc3 {[%clk 00:56:29]} {[%emt 00:04:29]} Nd7 {[%clk
01:02:11]} {[%emt 00:03:33]} 14. O-O-O {[%clk 00:54:14]} {[%emt 00:02:46]} Qc7
{[%clk 00:59:17]} {[%emt 00:03:24]} 15. f4 {[%clk 00:48:46]} {[%emt 00:05:57]}
f5 {[%clk 00:53:47]} {[%emt 00:06:00]} 16. Be2 {[%clk 00:41:42]} {[%emt
00:07:35]} Bf6 {[%clk 00:48:31]} {[%emt 00:05:45]} 17. g4 {[%clk 00:38:17]}
{[%emt 00:03:55]} fxg4 {[%clk 00:43:39]} {[%emt 00:05:22]} 18. Ne4 {[%clk
00:34:57]} {[%emt 00:03:50]} exf4 {[%clk 00:35:50]} {[%emt 00:08:19]} 19. Bxf4
{[%clk 00:21:29]} {[%emt 00:13:59]} Bxb2+ {[%clk 00:35:26]} {[%emt 00:00:54]}
20. Kxb2 {[%clk 00:21:55]} {[%emt 00:00:04]} Rxf4 {[%clk 00:35:51]} {[%emt
00:00:05]} 21. Qxd6 {[%clk 00:22:21]} {[%emt 00:00:04]} Qxd6 {[%clk 00:35:24]}
{[%emt 00:00:57]} 22. Nxd6 {[%clk 00:22:45]} {[%emt 00:00:06]} Rf2 {[%clk
00:34:41]} {[%emt 00:01:14]} 23. Rhe1 {[%clk 00:23:01]} {[%emt 00:00:15]} Nc5
{[%clk 00:33:40]} {[%emt 00:01:31]} 24. Rd4 {[%clk 00:17:24]} {[%emt 00:06:07]}
Bd7 {[%clk 00:32:22]} {[%emt 00:01:48]} 25. Ne4 {[%clk 00:17:29]} {[%emt
00:00:24]} Rxh2 {[%clk 00:32:11]} {[%emt 00:00:41]} 26. Nxc5 {[%clk 00:10:06]}
{[%emt 00:07:53]} bxc5 {[%clk 00:32:35]} {[%emt 00:00:06]} 27. Re4 {[%clk
00:10:34]} {[%emt 00:00:01]} Rb8+ {[%clk 00:30:22]} {[%emt 00:02:43]} 28. Kc3
{[%clk 00:10:27]} {[%emt 00:00:37]} Rh3+ {[%clk 00:29:20]} {[%emt 00:01:31]} 29.
Bd3 {[%clk 00:10:38]} {[%emt 00:00:19]} h5 {[%clk 00:29:13]} {[%emt 00:00:37]}
30. Re5 {[%clk 00:09:10]} {[%emt 00:01:59]} Rf8 {[%clk 00:13:29]} {[%emt
00:16:13]} 31. Kd2 {[%clk 00:09:22]} {[%emt 00:00:19]} Rf2+ {[%clk 00:12:24]}
{[%emt 00:01:35]} 32. R1e2 {[%clk 00:06:59]} {[%emt 00:02:53]} g3 {[%clk
00:10:53]} {[%emt 00:02:01]} 33. Rxf2 {[%clk 00:07:25]} {[%emt 00:00:04]} gxf2
{[%clk 00:11:19]} {[%emt 00:00:04]} 34. Bf1 {[%clk 00:07:50]} {[%emt 00:00:04]}
Rh1 {[%clk 00:10:25]} {[%emt 00:01:25]} 35. Ke2 {[%clk 00:05:49]} {[%emt
00:02:32]} Bh3 {[%clk 00:10:43]} {[%emt 00:00:12]} 0-1